Marvel Movies part 1 - Statistics

General Stats
  • This quiz has been taken 43 times
  • The average score is 13 of 15
Answer Stats
Hint Answer % Correct
2015 A thief steals an old suit from someones home and uses it to become small Ant Man
100%
2011 The God of Thunder is banished from his home to earth Thor
100%
2016 A doctor who gets into a car crash becomes the keeper of the time stone Doctor Strange
97%
2012 Group of people with different ability's join together to fight an alien invasion The Avengers
97%
2011 Ordinary guy gets injected with power and becomes the face of the United States Captain America the First Avenger
94%
2008 Billionaire has a metal suit used to protect Iron Man
94%
2014 Group of misfits meet in prison and end up saving the galaxy The Guardians of the Galaxy
94%
2018 Lots of Heroes team up to fight a purple alien Avengers Infinity War
89%
2021 Story of a girl who trains to be an assassin tries to stop the evil Black widow
89%
2016 A group of heroes split up and fight at an airport Captain America Civil War
89%
2017 The God of Thunder finds himself at a Junk planet while the goddess of death takes over his planet Thor Ragnarok
89%
2019 A thief-turned superhero meets a women and fight a ghost by turning small Ant Man and the Wasp
86%
2017 A boy with superhero ability's fights crime in his ordinary neighborhood Spider man Homecoming
86%
2025 Group of former villains join together to help Bucky Thunderbolts
69%
2017 The group of misfits beat up a celestial Guardians of the Galaxy vol 2
58%
No matching quizzes found
Score Distribution
Percent of People with Each Score
Percentile by Number Answered
Your Score History
You have not taken this quiz